000 00864nam a2200229 u 4500
001 000036145
005 20200930074921.0
008 111219s1967 ve a r 001 0 spa d
040 _aDO-SdBNP
_bspa
_cBNPHU
082 _a987.04
_bM672zR
100 1 _aRobertson, William Spence
_d1872-1955
_910351
245 1 0 _aLa vida de miranda /
_cWilliam Spence Robertson; traducción original de Julio E. Payró; edición revisada y compulsada por Pedro Grases.
260 _aCaracas :
_bBanco Industrial de Venezuela,
_c1967.
300 _a491 p.
500 _aIncluye índice
505 0 _aBibliografía : p.455-468
600 1 4 _aMIRANDA, FRANCISCO DE,
_d1750-1816
_910352
650 4 _aRevolucionarios
_zAmérica Del Sur
_vBIOGRAFÍAS
_910353
700 1 2 _aPayró, Julio E.
_etrad.
_910354
700 1 2 _aGrases, Pedro.
_910355
910 _aValidado. Control de calidad MFF
999 _c35636
_d35636